000 00786nam a2200229 ar4500
001 2430
005 20221127090434.0
008 110130s xxka 00010|eng d
020 _a9781405813358 : :
_cSR136.00
082 0 4 _a428.2402465
_bC829 2007
100 1 _aCotton, David.
245 1 0 _aMarket leader :
_belementary business English course book /
_cDavid Cotton, D. Falvey, Simon Kent.
250 _aNew ed.
260 _aHarlow, England :
_bPearson/Financial Times,
_c2007.
300 _a160 p. :
_bill. ;
_c30 cm.
_e2 CDs.
500 _aPrev. ed. : 2004.
650 4 _aEnglish language
_xBusiness English.
650 4 _aEnglish language
_xStudy and teaching.
650 4 _aEnglish language
_vTextbooks.
700 0 _aFalvey, David,
_ejt. auth.
700 0 _aKent, Simon,
_ejt. auth.
999 _c2428
_d2428